000 00590nam a2200193Ia 4500
001 5455
003 GE_BSU
008 181216s||||||||xx |||||||||||||| ||und||
040 _cGE_BSU
100 _aЕгерев, В.К;.Б.А.Радунский,;Д.А.Тальский;.
245 _aМетодика построения графиков функций : черт.
245 _bУчеб.пособиедля студ вузов
250 _a2-е изд
260 _aМоска
260 _bВысшая школа
260 _c1970.
300 _a149 с.20 см.
942 _cBK
999 _c38987
_d38987